Application of Computational Fluid Dynamics in the Forced Dispersion Modeling of LNG Vapor Clouds /

Bibliographic Details
Main Author: Kim, Byung-Kyu (Author)
Other Authors: Mannan, Sam (Thesis advisor)
Format: Thesis eBook
Language:English
Published: [College Station, Texas] : [Texas A & M University], [2013]
Subjects:
Online Access:Link to OAK Trust copy

MARC

Tag First Indicator Second Indicator Subfields
LEADER 00000cam a2200000Ki 4500
001 in00003477430
005 20151206092222.0
006 m fo d
007 cr unu||||||||
008 140303s2013 txu obm 000 0 eng d
035 |a (OCoLC)ocn871258984 
035 |a (OCoLC)871258984 
035 |a (TxCM)http://hdl.handle.net/1969.1/151006 
040 |a TXA  |b eng  |e rda  |e pn  |c TXA  |d UtOrBLW 
049 |a TXAM 
099 |a 2013  |a Dissertation  |a 1969.1/151006 
100 1 |a Kim, Byung-Kyu,  |e author. 
245 1 0 |a Application of Computational Fluid Dynamics in the Forced Dispersion Modeling of LNG Vapor Clouds /  |c by Byung-Kyu Kim. 
264 1 |a [College Station, Texas] :  |b [Texas A & M University],  |c [2013] 
300 |a 1 online resource. 
336 |a text  |b txt  |2 rdacontent 
337 |a computer  |b c  |2 rdamedia 
338 |a online resource  |b cr  |2 rdacarrier 
347 |a text file  |b PDF  |2 rda 
500 |a "Major Subject: Chemical Engineering" 
500 |a Includes vita. 
502 |b Doctor of Philosophy  |c Texas A & M University  |d 2013  |o http://hdl.handle.net/1969.1/151006 
504 |a Includes bibliographical references. 
516 |a Text (Dissertation) 
520 3 |a The safety and security of liquefied natural gas (LNG) facilities has prompted the need for continued study of LNG mitigation systems. Water spray systems are widely recognized as an effective measure for dispersing LNG vapor clouds. Currently, there are no engineering guidelines available for water curtain applications in the LNG industry due to a lack of understanding of the complex interactions between the LNG vapor cloud and water droplets. This research applies computational fluid dynamics (CFD) modeling to investigate the forced dispersion of LNG vapor using upward-oriented full-cone spray nozzles. A Eulerian-Lagrangian approach was applied to simulate the energy and momentum exchange between the continuous (gas flow) and discrete (droplets) phases. Discussed are the physical parameters that are essential inputs to the CFD simulation of the water spray-LNG system. The experimental data collected from the Mary Kay O'Connor Process Safety Center's outdoor LNG spill work in March 2009 at the Brayton Fire Training Field were used to calibrate the physical parameters. The physical mechanisms of the water spray application were investigated using LNG forced dispersion modeling. The effects of momentum imparting from the droplets to the air- vapor mixture, thermal transfer between the two phases (droplet/vapor) and effects of various levels of air entrainment rates on the behavior of the LNG vapors are evaluated. Lastly, the key parametric dependences of the design elements for an effective water curtain system are investigated. The effects of different droplet sizes, droplet temperatures, nozzle cone angles, and installation configurations of water spray applications on LNG vapor behavior are analyzed. This work aims to investigate the complex interaction of the water droplet-LNG vapor system, which will serve in developing guidelines and establishing engineering criteria for a site-specific LNG mitigation system. Finally, the potentials of applying CFD modeling in providing guidance for setting up the design criteria for an effective forced mitigation system as an integrated safety element for LNG facilities are discussed. The electronic version of this dissertation is accessible from http://hdl.handle.net/1969.1/151006 
588 |a Description from author supplied metadata (automated record created 2013-12-16 16:48:48). 
650 4 |a Major Chemical Engineering. 
653 |a LNG 
653 |a water curtain 
653 |a CFD 
653 |a Eulerian-Lagrangian spray 
653 |a mitigation measures 
700 1 |a Mannan, Sam,  |e thesis advisor. 
710 2 |a Texas A & M University,  |e degree granting institution. 
856 4 0 |u http://hdl.handle.net/1969.1/151006  |z Link to OAK Trust copy  |t 0 
948 |a cataloged  |b h  |c 2014/3/3  |d o  |e blrosas  |f 12:55:34 pm 
994 |a C0  |b TXA 
999 |a MARS 
999 f f |s f503f556-528c-38ed-91d4-731f0000a75d  |i cbc36e88-366e-377c-948b-4bfb1af03e66  |t 0 
952 f f |a Texas A&M University  |b College Station  |c Electronic Resources  |d Available Online  |t 0  |e 2013 Dissertation 1969.1/151006  |h Other scheme 
998 f f |a 2013 Dissertation 1969.1/151006  |t 0  |l Available Online